Biblioteca y Centro de Documentación

La coordination des régimes de Sécurité sociale en droit interne les conséquences de la mobilité professionnelle sur le régime applicable (Registro nro. 39848)

Detalles MARC
000 -CABECERA
Longitud fija campo de control 01130naa a2200289 c 4500
001 - NÚMERO DE CONTROL
Número de control 39848
003 - IDENTIFICADOR DE NÚMERO DE CONTROL
Identificador del número de control ES-MaCES
005 - FECHA Y HORA DE LA ÚLTIMA TRANSACCIÓN
Fecha y hora de la última transacción 20150924145442.0
008 - CAMPO FIJO DE DESCRIPCIÓN FIJA--INFORMACIÓN GENERAL
Códigos de información de longitud fija   100211n2009 fr t 000 | fre d
035 ## - NÚMERO DE CONTROL DEL SISTEMA
Número de control del sistema CES20100001854v
040 ## - FUENTE DE CATALOGACIÓN
Centro catalogador de origen ES-MaCES
Lengua de catalogación spa
Centro transcriptor ES-MaCES
100 1# - ENCABEZAMIENTO PRINCIPAL--NOMBRE PERSONAL
Nombre de persona Tauran, Thierry
9 (RLIN) 24719
245 13 - MENCIÓN DE TÍTULO
Título La coordination des régimes de Sécurité sociale en droit interne les conséquences de la mobilité professionnelle sur le régime applicable
Mención de responsabilidad, etc. Thierry Tauran
650 #4 - ASIENTO SECUNDARIO DE MATERIA--TÉRMINO DE MATERIA
Término de materia o nombre geográfico como elemento inicial convenio de seguridad social
9 (RLIN) 30151
650 #4 - ASIENTO SECUNDARIO DE MATERIA--TÉRMINO DE MATERIA
Término de materia o nombre geográfico como elemento inicial prestaciones no salariales
9 (RLIN) 28381
650 #4 - ASIENTO SECUNDARIO DE MATERIA--TÉRMINO DE MATERIA
Término de materia o nombre geográfico como elemento inicial combinación de sector público y privado
9 (RLIN) 30718
650 #4 - ASIENTO SECUNDARIO DE MATERIA--TÉRMINO DE MATERIA
Término de materia o nombre geográfico como elemento inicial legislación del trabajo
9 (RLIN) 27166
650 #4 - ASIENTO SECUNDARIO DE MATERIA--TÉRMINO DE MATERIA
Término de materia o nombre geográfico como elemento inicial procedimiento laboral
9 (RLIN) 30887
650 #4 - ASIENTO SECUNDARIO DE MATERIA--TÉRMINO DE MATERIA
Término de materia o nombre geográfico como elemento inicial desplazamiento
9 (RLIN) 28358
650 #4 - ASIENTO SECUNDARIO DE MATERIA--TÉRMINO DE MATERIA
Término de materia o nombre geográfico como elemento inicial utilización de las prestaciones
9 (RLIN) 30693
653 10 - TÉRMINO DE INDEXACIÓN--NO CONTROLADO
Término no controlado Seguridad Social
650 #4 - ASIENTO SECUNDARIO DE MATERIA--TÉRMINO DE MATERIA
9 (RLIN) 28420
Término de materia o nombre geográfico como elemento inicial trabajador profesional
773 0# - ENTRADA DE DOCUMENTO FUENTE
Título Droit social
Parte(s) relacionada(s) nº 12 (déc. 2009){10143 R. 075719}; p. 1254-1260
Número de control del registro relacionado (ES-MaCES)25161
Itemnumber del ítem fuente 38213
902 ## - CES. TIPO DE DOCUMENTO
Tipodoc (006$c Sirtex) ART Artículo de revista
942 ## - ELEMENTOS KOHA
Fuente de clasificaión o esquema Clasificación propia del CES
Koha [por defecto] tipo de item Artículos (1982-2017)
Parte de clasificación 3.0.

No hay ítems disponibles.

© CES, Consejo Económico y Social de España 2021